Normal view
MARC view
- Simon Greenall
Entry Personal Name
001 - CONTROL NUMBER
- control field: 107625
003 - CONTROL NUMBER IDENTIFIER
- control field: NUST
005 - DATE AND TIME OF LATEST TRANSACTION
- control field: 20230125114644.0
008 - FIXED-LENGTH DATA ELEMENTS
- fixed length control field: 230125|| aca||aabn | a|a d
040 ## - CATALOGING SOURCE
- Original cataloging agency: NUST
- Transcribing agency: NUST
100 ## - HEADING--PERSONAL NAME
- Personal name: Simon Greenall
670 ## - SOURCE DATA FOUND
- Source citation: Work cat.: (NUST)175332: Garton-sprenger, Judy 107623, BBC beginners' English / , 1986
